| 000 | 00883nam a22002417a 4500 | ||
|---|---|---|---|
| 999 |
_c6461 _d6461 |
||
| 003 | AR-CdUCM | ||
| 008 | 190318b ||||| |||| 00| 0 spa d | ||
| 040 |
_aMUNICIPALIDAD PROVINCIAL DEL CUSCO _cBIBLIOTECA MUNICIPAL DEL CUSCO |
||
| 082 |
_a030 / _bUN54 |
||
| 100 |
_aUnamuno, Miguel de _9458 |
||
| 245 |
_aNiebla : _bLos mejores libros de la literatura española / |
||
| 260 |
_aLima : _bEditora de Publicaciones Gente, _c1987. |
||
| 300 |
_a126 páginas ; _c17 cm. |
||
| 440 |
_aColección gratuita con la revista Gente (Lima-Perú) por su 30 aniversario: _n22 - 23 _918310 |
||
| 505 | _aContenido: t.2 Literatura española -- t.1 Literatura Universal. | ||
| 650 |
_aLiteratura española _9362 |
||
| 650 |
_aColecciones _9607 |
||
| 650 |
_aLiteratura universal _9611 |
||
| 650 |
_aSiglo XX _98 |
||
| 700 |
_aBanco de la Nación. _918155 |
||
| 942 |
_2ddc _cLIBROS |
||
| 945 | _adavv | ||